| 000 | 01750cam a22005054i 4500 | ||
|---|---|---|---|
| 003 | PE-LiUPU | ||
| 005 | 20250731165643.0 | ||
| 008 | 150616s r 000 0 d | ||
| 020 | _a0715206605 | ||
| 035 | _a(Sirsi) i9780715206607 | ||
| 040 |
_aPE-LiUPU _bspa _cPE-LiUPU _erda |
||
| 049 | _aPRUA | ||
| 082 | 0 | 4 |
_a284.203e _bM12 _221 |
| 100 | 1 |
_aMcKim, Donald K., _eautor. |
|
| 245 | 1 | 0 | _aEncyclopedia of The Reformed Faith. |
| 264 | 1 |
_aLouisville, Kentucky : _bWestminster/John Knox Press, _c1992. |
|
| 300 |
_a414 páginas ; _c24 centímetros |
||
| 336 |
_atext _2rdacontent |
||
| 337 |
_aunmediated _2rdamedia |
||
| 338 |
_avolume _2rdacarrier |
||
| 504 | _aIncluye bibliografía. | ||
| 505 | 0 | _aEncilopedia de las iglesias reformadas de la A - Z Enciclopedia. | |
| 526 | _aSEG44 | ||
| 526 | _aSEG26 | ||
| 526 | _aP151 | ||
| 526 | _aP150 | ||
| 526 | _aP149 | ||
| 526 | _aP146 | ||
| 526 | _aP145 | ||
| 526 | _aP126 | ||
| 526 | _aP125 | ||
| 526 | _aP92 | ||
| 526 | _aP75 | ||
| 526 | _aP74 | ||
| 526 | _aP27 | ||
| 526 | _aP15 | ||
| 650 | 0 | 4 | _aIGLESIAS REFORMADAS - ENCICLOPEDIAS. |
| 910 |
_ajck _bjvq _cjck |
||
| 942 |
_2ddc _cBOOK |
||
| 949 |
_aRC 284.203E M12 _wDEWEY _c1 _i40644 _d2015-11-23 _lCCODEBUL1 _mBUL _q2 _r0 _sY _tBOOK _u2015-6-16 _xTEOLOGIA _zUNKNOWN _0COMPRA _o.CIRCNOTE. No olvidar cambiar la fecha de devolución!!!!!!! _o.STAFF. Colección General |
||
| 994 |
_aC0 _bPEPRU |
||
| 596 | _a1 | ||
| 999 |
_aRC 284.203E M12 _wDEWEY _c58434 _i40644 _d58434 _f2021-11-8 _g6 _lCCODEBUL1 _mBUL _q2 _r1 _sY _tBOOK _u2015-6-16 _xTEOLOGIA _zUNKNOWN _0COMPRA _o.CIRCNOTE. No olvidar cambiar la fecha de devolución!!!!!!! _o.STAFF. Colección General |
||
| 980 |
_81 _gALBERTO SANCHEZ Responsable de Automatización |
||